Sistema de tratamiento anaerobico para aguas residuales del beneficiado de café
Guardat en:
| Autor principal: | |
|---|---|
| Altres autors: | |
| Format: | Llibre |
| Publicat: |
San José, Costa Rica
1991
|
| Matèries: | |
| Etiquetes: |
Afegir etiqueta
Sense etiquetes, Sigues el primer a etiquetar aquest registre!
|
MARC
| LEADER | 00000nam a2200000Ia 4500 | ||
|---|---|---|---|
| 003 | 005099 | ||
| 005 | 20221231144329.0 | ||
| 008 | 140114s1991 cr a m 000 ||s d | ||
| 040 | |c cru CEDI | ||
| 090 | |a TFG 2427 | ||
| 100 | |a Arias Zúñiga, Ana Lorena |9 12811 | ||
| 245 | |a Sistema de tratamiento anaerobico para aguas residuales del beneficiado de café | ||
| 260 | |c 1991 |a San José, Costa Rica | ||
| 300 | |a [161] hojas : ilustraciones ; 28 cm. | ||
| 500 | |a Proyecto de graduación (licenciatura en ingeniería civil)--Universidad de Costa Rica. Facultad de Ingeniería. Escuela de Ingeniería Civil | ||
| 650 | |x AGUAS RESIDUALES |x BENEFICIO DE CAFE |x INVESTIGACIONES |9 12813 | ||
| 700 | |9 12812 |a Solís Barboza, Alexander | ||
| 942 | |c TFG | ||
| 999 | |c 20258 |d 20258 | ||
